En seis años se habrán llevado todo el oro /
Guardado en:
| Hovedforfatter: | |
|---|---|
| Format: | Texto |
| Tags: |
Tilføj Tag
Ingen Tags, Vær først til at tagge denne postø!
|
MARC
| LEADER | 00000 a a2200000 04500 | ||
|---|---|---|---|
| 001 | 45302 | ||
| 003 | |||
| 040 | |||
| 100 | |a Pérez Soza, Nomel | ||
| 245 | |a En seis años se habrán llevado todo el oro / |c Nomel Pérez Soza | ||
| 773 | 0 | |g volumen32, número373 (2013), páginas 14-19 | |
| 999 | |c 25569 |d 25569 | ||
